Tvorba a redukce No a N2O při fluidním spalování uhlí

Bibliographic Details
Main Authors: Čermák, Ji (Author), Svoboda, K. (Author), Drobník, P. (Author)
Format: Article
Language:Slovak
Czech
PhysicalDescription:Tab.
ISSN:1335-3055
Subjects:

MARC

LEADER 00000nab a2200000 a 4500
001 vtls000692890
003 SK-MaSNL
005 20260304092714.0
008 250425c1998 xo 0 slo
015 |a SNBRB1999/04-10766 
035 |a CLN000045057 
035 |a urn:nbn:sk:snk-abai00 
035 |a (urnnbn)urn:nbn:sk:snk:ar-a09z8u 
035 |a (uuid)14ca4585-af7d-40b8-ab4b-de4dc52d89f7 
040 |a SNKBUCL  |b slo  |c SNKBUCL  |e AACR2 
041 0 |a cze 
044 |a xo  |c SK 
080 |a 662.613:662.64+662.66  |2 1997 
080 |a 662.64  |2 1997 
080 |a 662.66  |2 1997 
100 1 |a Čermák, Ji.  |4 aut  |9 1386906 
245 1 0 |a Tvorba a redukce No a N2O při fluidním spalování uhlí  |c Ji. Čermák, K. Svoboda, P. Drobník 
300 |b Tab. 
504 |a Bibliogr. odkazy 
650 0 7 |a spaľovanie uhlia  |2 snkbucl  |9 123865 
650 0 7 |a oxidy dusíka  |2 snkbucl  |9 21726 
650 0 7 |a fluidné spaľovanie  |2 snkbucl  |9 179740 
650 0 7 |a emisie  |2 snkbucl  |9 290897 
655 7 |a články z novín a časopisov  |2 snkbucl  |9 267496 
700 1 |a Svoboda, K.  |4 aut  |9 806757 
700 1 |a Drobník, P.  |4 aut  |9 1386907 
773 0 |t Ropa a uhlie  |g Roč. 40, č. 4 (1998), s. 29-34  |x 1335-3055 
850 |a Slovenská národná knižnica 
852 |a Slovenská národná knižnica 
958 |a article14 
958 |a OND 
958 |a NB 
958 |a EUIPO 
999 |c 2820008  |d 2821938